000 00715nam a2200205Ia 4500
003 GCL
008 140319s9999 xx 000 0 ara d
040 _aGCL /
_cGCL
082 0 4 _a342.02
_bى ش
100 1 _aيحيى احمد موافى
245 1 0 _aالشخص المعنوى ومسئولياته قانونبا مدنيا واداريا وجنائيا /
_cيحيى احمد موافى
260 _a[S.N] :
_bمنشاة المعارف ،
_c1987
300 _a366 ص
490 _aسلسلة الكتب القانونية
_v0
650 0 4 _aالقانون
650 0 4 _aالقانون العام
650 0 4 _aالقانون الادارى
650 0 4 _aالقانون الدستورى
942 _2ddc
_cBK
999 _c55734
_d55734